000 00325nam a22001457a 4500
008 210518b ||||| |||| 00| 0 eng d
020 _a9780831742577
041 _aeng
080 _a94
082 _a94
100 _a16
101 _aSHH
245 _aNew York A Collection From Harper's Magazine
_cGB
942 _2udc
_cBK
999 _c57442
_d57442